The Man who backed out (Record no. 950052)

MARC details
000 -LEADER
fixed length control field 00332nam a2200121Ia 4500
008 - FIXED-LENGTH DATA ELEMENTS--GENERAL INFORMATION
fixed length control field 151001s9999||||xx |||||||||||||| ||und||
100 ## - MAIN ENTRY--PERSONAL NAME
Personal name parsons Anthony
245 #4 - TITLE STATEMENT
Title The Man who backed out
250 ## - EDITION STATEMENT
Edition statement 1
260 ## - PUBLICATION, DISTRIBUTION, ETC. (IMPRINT)
Name of publisher, distributor, etc The amalgated Press
300 ## - PHYSICAL DESCRIPTION
Extent 64
365 ## - TRADE PRICE
Price amount 7

No items available.